[Event "Provincial-ch Valencia Preferente"]
[Site "Valencia"]
[Date "2009.10.31"]
[Round "3"]
[White "Guerola Trull, Bernat"]
[Black "Blanco Solaz, Ramon"]
[Result "0-1"]
[WhiteElo "1724"]
[BlackElo "1951"]
[PlyCount "90"]
[EventDate "2009.10.03"]
[EventType "swiss"]
[EventRounds "7"]
[EventCountry "ESP"]
[SourceTitle "EXT 2024"]
[Source "ChessBase"]
[SourceDate "2023.10.10"]
[SourceVersion "1"]
[SourceVersionDate "2023.10.10"]
[SourceQuality "1"]

1. e4 c5 2. Nc3 Nc6 3. g3 g6 4. d3 Bg7 5. Bg2 d6 6. Be3 Nf6 7. h3 0-0 8. f4 Bd7 9. Nce2 Qb6 10. Rb1 Qa5+ 11. c3 Qxa2 12. g4 e5 13. f5 gxf5 14. exf5 e4 15. dxe4 Rfe8 16. Ng3 d5 17. g5 Nxe4 18. Bxe4 dxe4 19. N1e2 Rad8 20. Qc2 Ne5 21. 0-0 Ba4 22. Qc1 Nd3 23. Qd2 Qc4 24. f6 Bf8 25. Nf5 Nf4 26. Ned4 Ng6 27. h4 cxd4 28. Bxd4 Qd3 29. Qg2 Bd7 30. Nh6+ Bxh6 31. gxh6 Bh3 32. Qg5 Bxf1 33. Rxf1 Rxd4 34. cxd4 Qxd4+ 35. Kh1 Qd3 36. Kg2 Re5 37. Qg4 Qd2+ 38. Rf2 Qxh6 39. Qc8+ Nf8 40. Kg1 Qxh4 41. Kf1 Rg5 42. Qc2 e3 43. Rh2 Qf4+ 44. Ke1 Rg1+ 45. Ke2 Qxh2+ 0-1

[Event "Provincial-ch Valencia Preferente"]
[Site "Valencia"]
[Date "2009.10.03"]
[Round "1"]
[White "Soriano Folch, Jonathan"]
[Black "Blanco Solaz, Ramon"]
[Result "1/2-1/2"]
[WhiteElo "1815"]
[BlackElo "1951"]
[PlyCount "89"]
[EventDate "2009.10.03"]
[EventType "swiss"]
[EventRounds "7"]
[EventCountry "ESP"]
[SourceTitle "EXT 2024"]
[Source "ChessBase"]
[SourceDate "2023.10.10"]
[SourceVersion "1"]
[SourceVersionDate "2023.10.10"]
[SourceQuality "1"]

1. e4 c5 2. Nf3 g6 3. d4 cxd4 4. Nxd4 Nc6 5. Nxc6 bxc6 6. Qd4 f6 7. Bc4 Qb6 8. Be3 Qxd4 9. Bxd4 e5 10. Bc3 Bc5 11. 0-0 a5 12. Rd1 Ne7 13. Kf1 Ba6 14. Bxa6 Rxa6 15. f4 exf4 16. Bxf6 Rf8 17. Bg5 f3 18. g3 h6 19. Bf4 Rb6 20. Nc3 Rxb2 21. Na4 Rxc2 22. Nxc5 Rxc5 23. Rd6 g5 24. Be3 Rc4 25. Rxh6 g4 26. Rb1 Rxe4 27. Bc5 Rf5 28. Rb8+ Kf7 29. Rh7+ Kf6 30. Rf8+ Kg6 31. Rxe7 Rxe7 32. Bxe7 Re5 33. Bd8 Re2 34. Rg8+ Kf5 35. Rg5+ Ke6 36. a4 d5 37. Bxa5 Re4 38. Rg6+ Kd7 39. Rg7+ Ke6 40. Rg6+ Kd7 41. Rg7+ Ke8 42. Bc7 Rxa4 43. Bf4 Ra1+ 44. Kf2 Ra2+ 45. Kf1 1/2-1/2